000 00315nam a22001457a 4500
999 _c54921
_d54921
008 190925b ||||| |||| 00| 0 eng d
020 _a9780071762205
041 _aeng
080 _a658
082 _a658
100 _a53
101 _aMEN
245 _aWhat Would Drucker Do Now
_cWartzman.R
942 _2udc
_cBK